| 000 | 01523 a2200241 4500 | ||
|---|---|---|---|
| 999 |
_c352935 _d352935 |
||
| 003 | OSt | ||
| 005 | 20180116192351.0 | ||
| 008 | 120601t xxu||||| |||| 00| 0 eng d | ||
| 020 | _a1147190933 (paperback) | ||
| 020 | _a9781147190939 (paperback) | ||
| 040 | _c0 | ||
| 082 | _a711.4 | ||
| 100 | 1 |
_aUnwin, Raymond. _93535 |
|
| 245 | 1 | 0 |
_aTown planning in practice : _ban introduction to the art of designing cities and suburbs / _cRaymond Unwin. |
| 260 |
_aLondon : _bT. Fisher Unwin, _c1909. |
||
| 300 |
_a415 p. ; _c25 cm. |
||
| 520 | _aThis is an EXACT reproduction of a book published before 1923. This IS NOT an OCR'd book with strange characters, introduced typographical errors, and jumbled words. This book may have occasional imperfections such as missing or blurred pages, poor pictures, errant marks, etc. that were either part of the original artifact, or were introduced by the scanning process. We believe this work is culturally important, and despite the imperfections, have elected to bring it back into print as part of our continuing commitment to the preservation of printed works worldwide. We appreciate your understanding of the imperfections in the preservation process, and hope you enjoy this valuable book. | ||
| 650 | 1 | 0 |
_aCity planning _93536 |
| 650 | 1 | 0 |
_aCity planning _xMethodology _93537 |
| 856 | 4 | 0 |
_3Amazon.com _uhttp://www.amazon.com/exec/obidos/ASIN/1147190933/chopaconline-20 |
| 942 |
_k711.4 UNW 1909 _aSADA _cBK _2ddc |
||